Statistics for Countries Closest to the Dem Rep of Congo

Click here to take the quiz!

General Stats

  • This quiz has been taken 738 times
  • The average score is 18 of 20

Answer Stats

kmcountrymiles% Correct
0Angola0
93%
0Central African
Republic
0
93%
0Rwanda0
93%
339Chad210
92%
0South Sudan0
92%
0Uganda0
92%
0Zambia0
92%
0Burundi0
91%
348Kenya216
90%
0Tanzania0
89%
189Cameroon118
88%
506Sudan315
88%
0Congo0
87%
158Gabon98
87%
633Namibia394
87%
240Zimbabwe149
87%
632Botswana392
85%
526Ethiopia327
85%
292Malawi182
82%
178Mozambique111
81%

Score Distribution

Percentile by Number Answered

Percent of People with Each Score

Your Score History

You have not taken this quiz